Mine eyes have seen the glory : a journey into the evangelical subculture in America

Αποθηκεύτηκε σε:
Λεπτομέρειες βιβλιογραφικής εγγραφής
Κύριος συγγραφέας: Balmer, Randall Herbert
Μορφή: Βιβλίο
Γλώσσα:English
Δημοσίευση: Oxford : Oxford University Press, c1993
Έκδοση:Epanded ed.
Θέματα:
Ετικέτες: Προσθήκη ετικέτας
Δεν υπάρχουν, Καταχωρήστε ετικέτα πρώτοι!

MARC

LEADER 00000nam a2200000 i 4500
001 1/96603
008 991215s1993 eng d
020 |a 0-19-507985-X 
035 |l 10055824 
040 |a GR-MY-UA  |b gre  |e aacr 
041 0 |a eng 
082 0 |a 277.30828 
100 1 |a Balmer, Randall Herbert. 
245 1 0 |a Mine eyes have seen the glory :  |b a journey into the evangelical subculture in America /  |c Randall Balmer 
250 |a Epanded ed. 
260 |a Oxford :   |b Oxford University Press,   |c c1993 
300 |a xviii, 294 σ.;  |c 21 εκ. 
504 |a Περιέχει βιβλιογραφικές παραπομπές και ευρετήριο 
650 0 0 |a Evangelicism  |z United States  |x History  |y 20th century. 
650 0 0 |a Fundamentalism  |x History  |y 20th century. 
650 0 0 |a Pentecostals  |z United States  |x History  |y 20th century. 
651 0 |a United States  |x Church history  |y 20th century. 
852 |a INST  |b LESVOS  |e 19991215  |h 277.30828 BAL  |p 005100022018  |q 005100022018  |t BK  |y 0 
901 |a BIBL1-2000-1 
909 |a Λ  |b 070212 
922 |a 1ΕΛΗ  |b 199911  |c ΚΠΣ/ΤΚΑ  |d LEADER 
950 |a 117-1999-07-27 
970 |a ΜΟΥΣΤΑΚΑ  |b ΠΗΝΕΛΟΠΗ  |z 2000/01/29